书目信息 |
| 题名: |
现代控制理论基础
|
|
| 作者: | 谢绪恺 著 | |
| 分册: | ||
| 出版信息: | 沈阳 辽宁人民出版社 1980 |
|
| 页数: | 567页 | |
| 开本: | 21cm | |
| 丛书名: | ||
| 单 册: | ||
| 中图分类: | O231 , TP273 | |
| 科图分类: | ||
| 主题词: | 现代控制论理论 , 自动化系统 | |
| 电子资源: | ||
| ISBN: | ||
| 000 | 00676nam0 2200265 45 | |
| 001 | 0180005205 | |
| 005 | 20040519162028.1 | |
| 010 | @dCNY2.50 | |
| 091 | @a7090.83 | |
| 100 | @a19950407d1980 em y0chiy0121 ea | |
| 101 | 0 | @achi |
| 102 | @aCN@b210000 | |
| 105 | @ay z 000yy | |
| 106 | @ar | |
| 200 | 10 | @a现代控制理论基础@Axian dai kong zhi li lun ji chu@f谢绪恺著 |
| 210 | @a沈阳@c辽宁人民出版社@d1980 | |
| 215 | @a567页@d21cm | |
| 606 | @a现代控制论理论 | |
| 606 | 0 | @a自动化系统 |
| 690 | @aO231@v3 | |
| 690 | @aTP273 | |
| 701 | 0 | @a谢绪恺@Axie xu kai@4著 |
| 801 | 0 | @aCN@b上海图书馆@c20040519 |
| 801 | 2 | @aCN@bNLC@c20040519 |
| 905 | @f1@b118287@dTP273@e11 | |
| 现代控制理论基础/谢绪恺著.-沈阳:辽宁人民出版社,1980 |
| 567页;21cm |
| ISBN :CNY2.50 |
| ● |
| 相关链接 |
|
|
|
|
正题名:现代控制理论基础
索取号:TP273/11
 
预约/预借
| 序号 | 登录号 | 条形码 | 馆藏地/架位号 | 状态 | 备注 |
| 1 | 0118287 | 001329075 | 第三借阅区/ [索取号:TP273/11] | 在馆 | |
| 2 | 0118288 | 001329119 | 第二样本阅览室/ [索取号:TP273/11] | 在馆 |